Rolnictwo wobec barier popytu.
Dopyt po potravinách, príjmy roľníkov v Poľsku sa znížili. Inflácia prekáža roľníctvu. Ako zvýšiť dopyt po roľníckych produktoch. Osobitná úloha obratového úveru. Prispôsobenie sa štátnych majetkov trhovým podmienkam.
Salvato in:
| Autore principale: | |
|---|---|
| Natura: | Capitolo di libro |
| Lingua: | polacco |
| Soggetti: | |
| Tags: |
Nessun Tag, puoi essere il primo ad aggiungerne!!
|
MARC
| LEADER | 00000naa a2200000 4500 | ||
|---|---|---|---|
| 001 | r004754 | ||
| 005 | 20221125123011.8 | ||
| 041 | 0 | |a pol | |
| 044 | |a PL | ||
| 245 | 1 | 0 | |a Rolnictwo wobec barier popytu. |c W. Herer |
| 520 | |a Dopyt po potravinách, príjmy roľníkov v Poľsku sa znížili. Inflácia prekáža roľníctvu. Ako zvýšiť dopyt po roľníckych produktoch. Osobitná úloha obratového úveru. Prispôsobenie sa štátnych majetkov trhovým podmienkam. | ||
| 610 | 2 | 0 | |a roľníctvo |
| 610 | 2 | 0 | |a roľníci |
| 610 | 2 | 0 | |a PR |
| 610 | 2 | 0 | |a potraviny |
| 610 | 2 | 0 | |a dopyt spotrebiteľský |
| 610 | 2 | 0 | |a majetky štátne |
| 610 | 2 | 0 | |a hospodárstvo trhové |
| 100 | 1 | |a Herer, W. | |